DB2 UNIVERSAL DATABASE V8 1 CERTIFICATION EXAM 701 (Record no. 3414)

MARC details
000 -LEADER
fixed length control field 00366nam a2200133Ia 4500
008 - FIXED-LENGTH DATA ELEMENTS--GENERAL INFORMATION
fixed length control field 240624s9999 xx 000 0 und d
041 ## - LANGUAGE CODE
Language code of text/sound track or separate title eng
082 ## - DEWEY DECIMAL CLASSIFICATION NUMBER
Classification number 005.74 SAN
100 ## - MAIN ENTRY--PERSONAL NAME
Personal name SANDERS ROGER E
245 ## - TITLE STATEMENT
Title DB2 UNIVERSAL DATABASE V8 1 CERTIFICATION EXAM 701
260 ## - PUBLICATION, DISTRIBUTION, ETC.
Date of publication, distribution, etc. 2005
Place of publication, distribution, etc. New Delhi
Name of publisher, distributor, etc. Pearson Education
300 ## - PHYSICAL DESCRIPTION
Extent xxii, : 486 : p. : cm. ; 26
365 ## - TRADE PRICE
Currency code RS
Holdings
Withdrawn status Lost status Damaged status Not for loan Home library Current library Shelving location Date acquired Source of acquisition Cost, normal purchase price Full call number Barcode Date last seen Copy number Price effective from Koha item type
        IMTN IMTN Rack 3-A 02/17/2006 AP 275.00 005.74 SAN 3414 06/24/2024 1 06/24/2024 Books
Designed & Maintained by: LRC IMT Nagpur Contact: lrc@imtnag.ac.in© 2024. All Rights Reserved.